Discriminants, resultants, and multidimensional determinants /

Guardado en:
Autor Principal: Gel´fand, I. M.
Otros Autores: Kapranov, M. M. 1962-, Zelevinsky, Andrey V., 1953-
Formato: Libro
Idioma:English
Publicado: Boston : Birkhäuser, c1994.
Series:Mathematics (Boston, Mass.)
Materias:
Etiquetas: Agregar Etiqueta
Sin Etiquetas, Sea el primero en etiquetar este registro!
LEADER 01009pam a2200277 a 4500
001 MAT.inmabb003991
008 931201s1994####maua#####b####001#0#eng##
005 20130304125412.0
245 1 0 |a Discriminants, resultants, and multidimensional determinants /  |c I.M. Gelfand, M.M. Kapranov, A.V. Zelevinsky. 
260 |a Boston :  |b Birkhäuser,  |c c1994. 
300 |a x, 523 p. :  |b il. ;  |c 24 cm. 
490 1 |a Mathematics : theory & applications 
504 |a Incluye referencias bibliográficas (p. [503]-512) e índice. 
510 4 |a MR,  |c 95e:14045 
020 |a 0817636609 
020 |a 3764336609 
100 1 |a Gel´fand, I. M.  |q (Izrail´ Moiseevich) 
700 1 |a Kapranov, M. M.  |q (Mikhail M.),  |d 1962- 
700 1 |a Zelevinsky, Andrey V.,  |d 1953- 
830 0 |a Mathematics (Boston, Mass.) 
650 0 |a Determinants. 
650 0 |a Discriminant analysis. 
084 |a 14N05 (13D25 14M25 15A69 33C70 52B20)  |2 msc2000 
010 |a  93046733  
040 |a DLC  |c DLC  |d DLC 
859 |h 14  |i G316  |p A-8389  |b BIB. MATEMATICA